000 00635nam a22002052 4500
001 0000001002
005 20151217155806.0
008 070223s xx 000 0 eng d
020 _a718304322 :
040 _aKABU
_cKABU
050 0 _aDT115
_b.B34
100 1 _aBaker, Anne.
_@0000149484
245 1 0 _aMorning star :
_bFlorence Baker's diary of the expedition to put down the slave trade on the Nile 1870-1873.
260 _aLondon :
_bWilliam Baker,
_c1972.
300 _a240 p.
600 1 0 _aBaker, Samuel White, Sir.
_@0000148672
908 _a070223
950 _@1
999 _c12478
_d12478